| 000 | 01082cam a2200337 i 4500 | ||
|---|---|---|---|
| 999 |
_c200431522 _d49734 |
||
| 001 | 200431522 | ||
| 003 | TR-AnTOB | ||
| 005 | 20240925141254.0 | ||
| 007 | ta | ||
| 008 | 060206s2006 si ae 000 0 eng d | ||
| 020 | _a9789812612106 | ||
| 020 | _a9812612106 | ||
| 035 | _a(OCoLC)298351973 | ||
| 040 |
_aSINLB _beng _erda _cSINLB _dBDX _dBGZ _dTR-AnTOB |
||
| 041 | 0 | _aeng | |
| 050 | 1 | 4 |
_aNK2078.7.A1 _bW37 2006 |
| 090 |
_aNK2078.7.A1 _bW37 2006 |
||
| 100 | 1 |
_aWarren, William, _d1930- _4author _9122720 |
|
| 245 | 1 | 0 |
_aThai style / _ctext by William Warren ; photographs by Luca Invernizzi Tettoni. |
| 264 | 1 |
_aSingapore : _bMarshall Cavendish Editions, _c2006. |
|
| 300 |
_a227 pages : _bilustrationS ; _c26 cm |
||
| 336 |
_atext _btxt _2rdacontent |
||
| 337 |
_aunmediated _bn _2rdamedia |
||
| 338 |
_avolume _bnc _2rdacarrier |
||
| 500 | _a"3rd ed."--Dustjacket. | ||
| 650 | 0 |
_aInterior decoration _zThailand _9122721 |
|
| 650 | 0 |
_aArchitecture _zThailand _9122868 |
|
| 700 | 1 |
_aInvernizzi, Luca _ephotographer _9122722 |
|
| 942 |
_2lcc _cBK |
||